000
00218 a2200097 4500
001
10880
100
_a
B. A. Bagvi
245
_a
the Division of inherilance
260
_a
_b
Pak Recearch Centre
_c
090
_c
8454
_d
8454
942
_a
NUST-CAE
_c
M
_c
35216
999
_c
245953
_d
245953